000 00701nam a2200289Ia 4500
005 20260324112544.0
008 008 260324s9999 xx 000 0 eng d
020 _a9781003466574
037 _aEBOOK
040 _aCRL
040 _beng
040 _cCRL
041 _2eng
041 _aeng
084 _qCRL
100 _aTom Tresser
_91143183
245 0 _aNo Games Chicago
245 0 _bHow A Small Group of Citizens Derailed the City’s 2016 Olympic Bid
260 _bTaylor and Francis
260 _c2024
365 _a
365 _b260
856 _uhttp://www.taylorfrancis.com/books/9781003466574
942 _cEBOOK
999 _c1732435
_d1732435